000 00446nmm a2200157Ia 4500
008 251105s9999||||xx |||||||||||||||||und||
020 _a9788467153927
041 _aspa
100 _aRoberts, Nora
245 0 _aRecordando el ayer
264 _a[Madrid, España] :
_bHarlequin,
_c[Fecha de publicación no identificada]
300 _a0 páginas
650 _aRomance
856 _uhttps://public.digitaliapublishing.com/a/96552
942 _cCF
999 _c83413
_d83413